LEADER 01358nam a2200301 i 4500 001 000000201063 003 CaOOAMICUS 005 20110527000000.0 008 110527s1991 it u000 u ita u 013 $a179764 040 $aSeMil$bita 245 13$aLa nuova evangelizzazione dell'Europa nel magistero di Giovanni Paolo 2. /$cantologia di documenti scelti e introdotti da Benedetto Testa. 260 $aBologna :$bESD,$c1991. 300 $a207 p. ;$c21 cm. 490 0 $aClaustrum ;$v7 650 4$aGiovanni Paolo II - Evangelizzazione - Europa.$0(OLS)http://semarc/subject/37752 700 0 $aIoannes Paulus II,$c.$0(OLS)http://semarc/name/646 700 1 $aTesta, Benedetto,$c.$0(OLS)http://semarc/name/25773 830 0$aClaustrum ;$v7.$0(OLS)http://semarc/title/8145 850 $aSeMil 852 $aSeMil$W1$xVenegono$y1$m2A II 503$j151592$B151592$CSeMilBibl$Z2$F166706 $81 900 1 $aWojtyla, Karol,$d<1920-2005>. 900 0 $aGiovanni Paolo II$c. 961 $aLascito: Spezzibottiani don Mario 996 $6245$aLa nuova evangelizzazione dell'Europa nel magistero di Giovanni Paolo 2.$9(OLS)http://semarc/title/290902 996 $6260$aBologna :$bESD$9(OLS)http://semarc/publisher/30112 LEADER 00592nam a2200181 i 4500 001 000000103257 003 CaOOAMICUS 005 20010921000000.0 008 010921s1974 fr u000 u fre u 013 $a75427 040 $aSeMil$bita 245 10$aJacob-Kyspenning. 300 $a1806 col. 773 0 $tDictionnaire de spiritualité.$dParis : Beauchesne, 1937-1995.$gTome8$w()6624 850 $aSeMil 852 $aSeMil$W1$xVenegono$y1$mSL1.Q VI 8$j59718$B59718$CSeMilBibl$Z2$F44210 $8I 961 $aSottoscrizione: Beauchesne 996 $6245$aJacob-Kyspenning$9(OLS)http://semarc/title/150032